000 00549nam a22001937a 4500
005 20210415120654.0
008 210310s1964 ||||| |||| 00| 0 eng d
040 _aDLC
_ceng
041 _aeng
080 _a821.111
_bG-14
100 _91279
_aGaines, M. William
245 _aThe Brothers MAD
_c/ by: Ballantine Books
260 _aNew York
_bBallantine Books
_c1964
300 _a192 p.
_bill.
365 _b0.5 usd
650 0 _9254
_aEnglish literature
653 _aინგლისური ლიტერატურა
942 _2udc
_cBK
999 _c2097
_d2097